000 00288nam a22001337a 4500
008 180928b xxu||||| |||| 00| 0 eng d
020 _a0582412579
041 _aeng
080 _a510
100 _a37
101 _aMAT
245 _aTechnician Mathematics
_cBird, J.O
942 _2udc
_cBK
999 _c48676
_d48676